| 000 | 01640nam a2200265 a 4500 | ||
|---|---|---|---|
| 008 | 100930s2003 ||||||||||||||||| || u | ||
| 020 | _a8122414605 | ||
| 050 | _aTA 683.2 Raj | ||
| 100 | _aRaju, N. Krishna | ||
| 245 | 1 | 0 |
_aReinforced concrete design: IS: 456-2000 principles and practice _cby N. Krishna Raju; R. N. Pranesh |
| 260 |
_aNew Delhi: _bNew Age International _c2003 |
||
| 260 |
_aNew Delhi: _bNew Age International Limited _c2003 |
||
| 260 |
_aNew Delhi: _bNew Age International Publishers _c2003 |
||
| 300 | _axvii, 611p.: ill. | ||
| 350 | _a0.00 | ||
| 650 | _aCONCRETE | ||
| 650 | _aCONCRETE DESIGN | ||
| 700 | _aPranesh, R. N | ||
| 995 |
_FCBU-MPIKA LIBRARY _I19.54 _M6 _UAVAILABLE _WNov 22, 2019 _ZShort Loan Collection |
||
| 995 |
_D0.00 _FCBU-MAIN LIBRARY (Kitwe) _H1 _I0.00 _M1 _UAVAILABLE _WOct 11, 2010 _ZMain Library Open Access Collection |
||
| 995 |
_FCBU-MAIN LIBRARY (Kitwe) _I19.54 _M5 _UAVAILABLE _WNov 22, 2019 _ZShort Loan Collection |
||
| 995 |
_D18.95 _FCBU-MAIN LIBRARY (Kitwe) _I0.00 _M2 _UAVAILABLE _WJul 16, 2019 _ZMain Library Open Access Collection |
||
| 995 |
_D18.95 _FCBU-MAIN LIBRARY (Kitwe) _I0.00 _M4 _UAVAILABLE _WJul 16, 2019 _ZMain Library Open Access Collection |
||
| 995 |
_D18.95 _FCBU-MAIN LIBRARY (Kitwe) _I0.00 _M3 _UAVAILABLE _WJul 16, 2019 _ZMain Library Open Access Collection |
||
| 999 |
_c62489 _d62489 |
||